Robert Lewandowski Goals 2015 - Statistics

General Stats
  • This quiz has been taken 187 times
  • The average score is 9 of 27
Answer Stats
Lewandowski % Correct
Borussia Dortmund
92%
Borussia Dortmund
92%
VfL Wolfsburg
72%
FC Barcelona
62%
Bayer Leverkusen
53%
Germany
43%
VfB Stuttgart
36%
Augsburg
35%
Eintracht Frankfurt
35%
Werder Bremen
35%
1. FC Köln
34%
Hamburger SV
34%
Mainz 05
33%
1899 Hoffenheim
29%
Arsenal FC
29%
Scotland
28%
Ireland
26%
FC Porto
21%
Gibraltar
19%
Georgia
18%
Dinamo Zagreb
14%
Ingolstadt 04
14%
Paderborn 07
13%
Iceland
12%
Olympiacos
10%
Shakhtar Donetsk
9%
FC Nöttingen
2%
No matching quizzes found
Score Distribution
Percent of People with Each Score
Percentile by Number Answered
Your Score History
You have not taken this quiz